[Event "40º Torneo Internacional de Ajedrez de "]
[Site "La Roda (Albacete) - ESPAÑA"]
[Date "2013.03.29"]
[Round "5"]
[White "Ramiro Ovejero, Juan Luis"]
[Black "Burmakin, Vladimir"]
[Result "1/2-1/2"]
[WhiteElo "2368"]
[BlackElo "2577"]
[PlyCount "58"]
[EventDate "2013.03.27"]
[EventRounds "9"]
[EventCountry "ESP"]

1. e4 c6 2. d4 d5 3. Nd2 dxe4 4. Nxe4 Nd7 5. Nf3 Ngf6 6. Nxf6+ Nxf6 7. h3 Bf5
8. Bd3 Bxd3 9. Qxd3 e6 10. O-O Be7 11. Bg5 h6 12. Bxf6 Bxf6 13. c3 O-O 14. Qe2
Qd5 15. Rfe1 Rfd8 16. a3 c5 17. dxc5 Qxc5 18. Rad1 Qb6 19. Nh2 Qb3 20. Ng4 Bg5
21. Ne5 Rac8 22. g3 Rc5 23. Rxd8+ Bxd8 24. Rd1 Be7 25. Nf3 Rd5 26. Rxd5 Qxd5
27. c4 Qc6 28. Qd3 g6 29. b4 h5 1/2-1/2

[Event "40º Torneo Internacional de Ajedrez de "]
[Site "La Roda (Albacete) - ESPAÑA"]
[Date "2013.03.29"]
[Round "5"]
[White "Garza Marco, Sergio"]
[Black "Sedlak, Nikola"]
[Result "1/2-1/2"]
[WhiteElo "2449"]
[BlackElo "2577"]
[PlyCount "80"]
[EventDate "2013.03.27"]
[EventRounds "9"]
[EventCountry "ESP"]

1. d4 e6 2. c4 Bb4+ 3. Bd2 a5 4. g3 Nc6 5. Nf3 d6 6. Bg2 e5 7. O-O Nxd4 8. Nxd4
exd4 9. Bxb4 axb4 10. Qxd4 Nf6 11. Rd1 Ra6 12. c5 Qe7 13. Qxb4 dxc5 14. Qf4 O-O
15. Nc3 Rb6 16. Qd2 Rd6 17. Qc2 Rfd8 18. Rxd6 Rxd6 19. Rd1 b6 20. Rxd6 Qxd6 21.
Qa4 Bd7 22. Qa8+ Be8 23. Bf3 Kf8 24. Nd5 Nxd5 25. Qxd5 Qf6 26. Qd2 Ke7 27. Kf1
Bd7 28. h4 h6 29. a3 Be6 30. Kg2 Qd4 31. Qc2 c4 32. e3 Qf6 33. Be4 g5 34. hxg5
hxg5 35. Qc3 Bh3+ 36. Kxh3 Qe6+ 37. Kh2 Qxe4 38. Qb4+ Kf6 39. Qf8 Qh7+ 40. Kg2
Qe4+ 1/2-1/2

[Event "40º Torneo Internacional de Ajedrez de "]
[Site "La Roda (Albacete) - ESPAÑA"]
[Date "2013.03.29"]
[Round "5"]
[White "Popovic, Dusan"]
[Black "Suba, Mihai"]
[Result "1/2-1/2"]
[WhiteElo "2562"]
[BlackElo "2414"]
[PlyCount "59"]
[EventDate "2013.03.27"]
[EventRounds "9"]
[EventCountry "ESP"]

1. e4 c5 2. Nf3 d6 3. d4 Nf6 4. Nc3 cxd4 5. Nxd4 e6 6. Be3 a6 7. f3 b5 8. Qd2
Bb7 9. g4 Qa5 10. g5 Nfd7 11. a3 Nc6 12. O-O-O Rb8 13. h4 b4 14. Nxc6 Bxc6 15.
Na2 d5 16. exd5 Qxd5 17. Nxb4 Bxb4 18. axb4 Qxd2+ 19. Rxd2 Rxb4 20. Be2 Ke7 21.
Rd4 a5 22. Rxb4 axb4 23. b3 Rb8 24. Rd1 Bb5 25. Bxb5 Rxb5 26. Rd4 Ne5 27. Bd2
Nc6 28. Rc4 Kd6 29. Kd1 f5 30. gxf6 1/2-1/2

[Event "40º Torneo Internacional de Ajedrez de "]
[Site "La Roda (Albacete) - ESPAÑA"]
[Date "2013.03.29"]
[Round "5"]
[White "Antoli Royo, Joaquin Miguel"]
[Black "Cabrera, Alexis"]
[Result "1/2-1/2"]
[WhiteElo "2414"]
[BlackElo "2529"]
[PlyCount "59"]
[EventDate "2013.03.27"]
[EventRounds "9"]
[EventCountry "ESP"]

1. e4 c5 2. c3 d6 3. d4 Nf6 4. Bd3 g6 5. h3 Bg7 6. Nf3 O-O 7. O-O Nc6 8. Re1
Nd7 9. d5 Nce5 10. Bf1 Nxf3+ 11. Qxf3 e5 12. dxe6 fxe6 13. Qg3 Qb6 14. Nd2 d5
15. e5 Rf5 16. Nf3 c4 17. Bf4 Qxb2 18. Nd4 Rxf4 19. Qxf4 Bxe5 20. Qe3 Qb6 21.
Nxe6 Qxe6 22. f4 b6 23. fxe5 Bb7 24. Qd4 Nc5 25. Re3 Qc6 26. Rf3 Ne6 27. Qg4 b5
28. Be2 Re8 29. Rf6 Bc8 30. Rxg6+ 1/2-1/2

[Event "40º Torneo Internacional de Ajedrez de "]
[Site "La Roda (Albacete) - ESPAÑA"]
[Date "2013.03.29"]
[Round "5"]
[White "Hernandez, Ivan"]
[Black "Starostits, Ilmars"]
[Result "0-1"]
[WhiteElo "2320"]
[BlackElo "2470"]
[PlyCount "98"]
[EventDate "2013.03.27"]
[EventRounds "9"]
[EventCountry "ESP"]

1. Nf3 d5 2. d4 Nc6 3. c4 Bg4 4. Nc3 e6 5. Bf4 Bxf3 6. gxf3 dxc4 7. e3 Bd6 8.
Bg3 h5 9. Bxc4 Nge7 10. Qe2 h4 11. Bxd6 cxd6 12. d5 exd5 13. Bxd5 Nxd5 14. Nxd5
Rc8 15. Nc3 Qa5 16. O-O-O Nb4 17. Kb1 Rh5 18. a3 Rxc3 19. axb4 Qxb4 20. Rd4 Qb3
21. Qd2 Rcc5 22. Re4+ Kd7 23. Rb4 Rhd5 24. Rxb3 Rxd2 25. Rxb7+ Ke6 26. Rg1 g6
27. Rg4 Rxf2 28. Rxh4 Rf1+ 29. Ka2 Ra5+ 30. Kb3 Rxf3 31. Kb4 Re5 32. Rxa7 Rfxe3
33. Kc4 d5+ 34. Kc5 R5e4 35. Rxe4+ dxe4 36. Kd4 Rb3 37. Ra2 e3 38. Ke4 e2 39.
Ra6+ Rb6 40. Ra1 Rxb2 41. Kf3 Kf5 42. h3 Rb3+ 43. Kg2 Kf4 44. Kf2 Re3 45. Ra4+
Kg5 46. h4+ Kh5 47. Ke1 f5 48. Rb4 Re4 49. Rb6 f4 0-1

[Event "40º Torneo Internacional de Ajedrez de "]
[Site "La Roda (Albacete) - ESPAÑA"]
[Date "2013.03.29"]
[Round "5"]
[White "Escudero Manzano, Alejandro"]
[Black "Ibarra Jerez, Jose Carlos"]
[Result "0-1"]
[WhiteElo "2216"]
[BlackElo "2544"]
[PlyCount "166"]
[EventDate "2013.03.27"]
[EventRounds "9"]
[EventCountry "ESP"]

1. e4 c5 2. Nf3 e6 3. d4 cxd4 4. Nxd4 Qb6 5. Nb3 Qc7 6. Bd3 Nf6 7. O-O d6 8.
Nc3 a6 9. a4 b6 10. f4 Nc6 11. Kh1 Be7 12. Be3 O-O 13. Bg1 Re8 14. Qf3 Nd7 15.
Nd4 Bb7 16. Qh3 Nb4 17. Rac1 Rac8 18. Nde2 Bf8 19. Rfd1 Nc5 20. Ng3 g6 21. Be2
Bg7 22. Bd4 e5 23. fxe5 dxe5 24. Bxc5 Qxc5 25. Bf3 Rcd8 26. Qh4 f6 27. Nge2
Rxd1+ 28. Rxd1 Nxc2 29. Nd5 Bxd5 30. exd5 Qb4 31. Qxb4 Nxb4 32. d6 Rd8 33. Bb7
Kf7 34. d7 Ke7 35. Bc8 f5 36. b3 Bh6 37. g4 Ke6 38. Kg2 Nd5 39. gxf5+ gxf5 40.
Rd3 Ne3+ 41. Kf2 Ng4+ 42. Kg3 a5 43. Rc3 Kd6 44. Rd3+ Ke7 45. Nc3 e4 46. Rd5
Ke6 47. Rb5 Be3 48. Nxe4 Ne5 49. Nc3 Bc5 50. Ne2 Rg8+ 51. Kh3 Nxd7 52. Nf4+ Kd6
53. Bxd7 Kxd7 54. Nd3 Kc6 55. b4 axb4 56. Nxb4+ Kd6 57. Nd3 Ra8 58. Nb2 Kc6 59.
Rb3 Bd4 60. Nd3 Rxa4 61. Kg3 Kd5 62. Nc1 Be5+ 63. Kh3 Rc4 64. Ne2 Rc2 65. Rb5+
Ke4 66. Ng3+ Bxg3 67. hxg3 Rc6 68. Kh4 Rf6 69. Rb4+ Kd5 70. Kg5 Kc5 71. Rb3 Rf7
72. Kf4 b5 73. Rf3 Kd4 74. Rb3 Kc4 75. Rf3 Rd7 76. Ke5 Rd3 77. Rf4+ Kc3 78.
Rxf5 b4 79. Kf4 b3 80. Rc5+ Kd2 81. Rb5 Kc2 82. g4 b2 83. Ke4 Rb3 0-1

[Event "40º Torneo Internacional de Ajedrez de "]
[Site "La Roda (Albacete) - ESPAÑA"]
[Date "2013.03.29"]
[Round "5"]
[White "Moskalenko, Viktor"]
[Black "Sanchez Jerez, Emilio Miguel"]
[Result "1-0"]
[WhiteElo "2531"]
[BlackElo "2213"]
[PlyCount "72"]
[EventDate "2013.03.27"]
[EventRounds "9"]
[EventCountry "ESP"]

1. d4 Nf6 2. Bg5 d5 3. e3 g6 4. Bxf6 exf6 5. c4 c6 6. cxd5 Qxd5 7. Nc3 Qa5 8.
Nge2 f5 9. g3 Nd7 10. Bg2 Nf6 11. O-O Bd6 12. a3 Be6 13. b4 Qa6 14. Qb1 Bc4 15.
Qb2 O-O 16. Rfc1 Rac8 17. a4 Qb6 18. Rcb1 Bd3 19. a5 Qc7 20. Rd1 Bc4 21. b5 Qe7
22. a6 bxa6 23. bxc6 Ne4 24. d5 Rb8 25. Qc1 Nc5 26. Nd4 Nd3 27. Rxd3 Bxd3 28.
Bf1 Bxf1 29. Qxf1 Bb4 30. Qc4 a5 31. Rc1 a6 32. Nde2 Rfc8 33. Rd1 Qc5 34. Qd3
Rd8 35. e4 Rbc8 36. Qf3 a4 {....} 1-0

[Event "40º Torneo Internacional de Ajedrez de "]
[Site "La Roda (Albacete) - ESPAÑA"]
[Date "2013.03.29"]
[Round "5"]
[White "Libiszewski, Fabien"]
[Black "Mingarro Carceller, Sergi"]
[Result "1/2-1/2"]
[WhiteElo "2518"]
[BlackElo "2210"]
[PlyCount "30"]
[EventDate "2013.03.27"]
[EventRounds "9"]
[EventCountry "ESP"]

1. e4 e5 2. Nf3 Nc6 3. Bb5 a6 4. Ba4 Nge7 5. Bb3 d5 6. Nc3 Be6 7. Ng5 Qd7 8.
exd5 Bxd5 9. Nxd5 Nxd5 10. O-O O-O-O 11. d3 Bc5 12. Qf3 f6 13. Bxd5 Qxd5 14.
Qxd5 Rxd5 15. Be3 Kd7 1/2-1/2

[Event "40º Torneo Internacional de Ajedrez de "]
[Site "La Roda (Albacete) - ESPAÑA"]
[Date "2013.03.29"]
[Round "5"]
[White "Krug Cortegoso, Rodolfo Martin"]
[Black "Plaskett, H James"]
[Result "1/2-1/2"]
[WhiteElo "2144"]
[BlackElo "2516"]
[PlyCount "44"]
[EventDate "2013.03.27"]
[EventRounds "9"]
[EventCountry "ESP"]

1. Nf3 Nf6 2. c4 c5 3. g3 Nc6 4. Bg2 e6 5. O-O d5 6. cxd5 Nxd5 7. Nc3 Be7 8. d4
O-O 9. e4 Nb6 10. dxc5 Bxc5 11. Qxd8 Rxd8 12. Bf4 Nc4 13. b3 Nb2 14. e5 b6 15.
Rab1 Nd3 16. Bg5 Rd7 17. Nd4 Bxd4 18. Bxc6 Bb7 19. Bxd7 Nxe5 20. Bb5 Nf3+ 21.
Kg2 Ne1+ 22. Kg1 Nf3+ 1/2-1/2

[Event "40º Torneo Internacional de Ajedrez de "]
[Site "La Roda (Albacete) - ESPAÑA"]
[Date "2013.03.29"]
[Round "5"]
[White "Cerrajeria Ruiz, Jesus Maria"]
[Black "Khamrakulov, Ibragim S"]
[Result "0-1"]
[WhiteElo "2142"]
[BlackElo "2506"]
[PlyCount "80"]
[EventDate "2013.03.27"]
[EventRounds "9"]
[EventCountry "ESP"]

1. e4 c5 2. Nf3 e6 3. g3 Nc6 4. Bg2 g6 5. d4 cxd4 6. Nxd4 Qb6 7. Be3 Bc5 8. c3
Nge7 9. O-O d5 10. exd5 Nxd5 11. Bxd5 exd5 12. b4 Bxd4 13. Bxd4 Nxd4 14. Qxd4
Qxd4 15. cxd4 Be6 16. Nc3 Kd7 17. Rfc1 Rhc8 18. Nd1 Rc4 19. Rxc4 dxc4 20. Ne3
Rc8 21. Kf1 Kc6 22. a4 Rd8 23. Rd1 a6 24. Ke1 b5 25. a5 Bd5 26. h4 Bf3 27. Rd2
Be4 28. d5+ Bxd5 29. Rd4 Re8 30. Kd2 Be4 31. Kc3 f5 32. Kd2 h6 33. Nd1 g5 34.
Nc3 Bf3 35. hxg5 hxg5 36. Nd1 Bxd1 37. Kxd1 Re6 38. Kc1 Rd6 39. Rd2 Rxd2 40.
Kxd2 g4 0-1

[Event "40º Torneo Internacional de Ajedrez de "]
[Site "La Roda (Albacete) - ESPAÑA"]
[Date "2013.03.29"]
[Round "5"]
[White "Ubilava, Elizbar"]
[Black "Llavador Moron, Juan Jose"]
[Result "1-0"]
[WhiteElo "2495"]
[BlackElo "2196"]
[PlyCount "41"]
[EventDate "2013.03.27"]
[EventRounds "9"]
[EventCountry "ESP"]

1. d4 d5 2. c4 e6 3. Nf3 Nf6 4. Nc3 c6 5. Bg5 dxc4 6. e4 b5 7. e5 h6 8. Bh4 g5
9. Nxg5 hxg5 10. Bxg5 Nbd7 11. g3 Qb6 12. exf6 Bb7 13. Bg2 O-O-O 14. O-O Bh6
15. h4 Bxg5 16. hxg5 Nf8 17. Qf3 Nh7 18. Ne4 Rxd4 19. Qh5 Qd8 20. Nc5 Qe8 21.
Nxb7 1-0

[Event "40º Torneo Internacional de Ajedrez de "]
[Site "La Roda (Albacete) - ESPAÑA"]
[Date "2013.03.29"]
[Round "5"]
[White "Campora, Daniel H"]
[Black "Martins, David Pires Tavares"]
[Result "0-1"]
[WhiteElo "2483"]
[BlackElo "2183"]
[PlyCount "60"]
[EventDate "2013.03.27"]
[EventRounds "9"]
[EventCountry "ESP"]

1. e4 e6 2. d4 d5 3. e5 c5 4. c3 Nc6 5. Nf3 Qb6 6. Be2 cxd4 7. cxd4 Nh6 8. b3
Bb4+ 9. Kf1 Nf5 10. Bb2 Be7 11. Nc3 O-O 12. Na4 Qc7 13. Rc1 f6 14. Nc5 fxe5 15.
dxe5 Qb6 16. Na4 Qb4 17. h3 Nh4 18. a3 Qe4 19. Nc5 Qg6 20. Nxh4 Bxh4 21. Nd3
Bd7 22. Bh5 Qh6 23. Kg1 Be8 24. Bxe8 Raxe8 25. g3 Bxg3 26. fxg3 Qe3+ 27. Kg2
Qe4+ 28. Kg1 Rf3 29. Ne1 Rxg3+ 30. Kh2 Qh4 0-1

[Event "40º Torneo Internacional de Ajedrez de "]
[Site "La Roda (Albacete) - ESPAÑA"]
[Date "2013.03.29"]
[Round "5"]
[White "Jimenez Villena, Fco Jose"]
[Black "Munoz Pantoja, Miguel"]
[Result "0-1"]
[WhiteElo "2141"]
[BlackElo "2483"]
[PlyCount "64"]
[EventDate "2013.03.27"]
[EventRounds "9"]
[EventCountry "ESP"]

1. d4 c5 2. d5 Nf6 3. c4 g6 4. Nc3 Bg7 5. e4 O-O 6. Bg5 d6 7. f3 e6 8. Qd2 exd5
9. cxd5 a6 10. a4 Qa5 11. Ra3 Nbd7 12. Nh3 Ne5 13. Nf2 Qb4 14. Nd3 Nxd3+ 15.
Bxd3 Re8 16. O-O Nd7 17. a5 c4 18. Bb1 Nc5 19. Be3 Bd7 20. Qf2 f5 21. exf5 Rxe3
22. Qxe3 Qxb2 23. Qc1 Bd4+ 24. Kh1 Qxc1 25. Rxc1 gxf5 26. Rd1 Re8 27. g4 Nd3
28. Bxd3 cxd3 29. gxf5 Bxf5 30. Ne4 Rxe4 31. Rg1+ Bxg1 32. fxe4 Bc5 0-1

[Event "40º Torneo Internacional de Ajedrez de "]
[Site "La Roda (Albacete) - ESPAÑA"]
[Date "2013.03.29"]
[Round "5"]
[White "Gonzalez Mateos, Rafael"]
[Black "Pilgaard, Kim"]
[Result "0-1"]
[WhiteElo "2110"]
[BlackElo "2432"]
[PlyCount "46"]
[EventDate "2013.03.27"]
[EventRounds "9"]
[EventCountry "ESP"]

1. d4 Nf6 2. c3 g6 3. Bg5 Bg7 4. Nd2 O-O 5. e4 d6 6. f4 d5 7. Bxf6 exf6 8. Bd3
dxe4 9. Nxe4 f5 10. Nd2 c5 11. Nb3 cxd4 12. cxd4 Nc6 13. Ne2 Nxd4 14. O-O Nc6
15. Qd2 Be6 16. Kh1 Qb6 17. Rf3 Rfd8 18. Nc3 Bxb3 19. axb3 Nd4 20. Na4 Nxf3 21.
Nxb6 Nxd2 22. Nxa8 Rxa8 23. Rd1 Nxb3 0-1

[Event "40º Torneo Internacional de Ajedrez de "]
[Site "La Roda (Albacete) - ESPAÑA"]
[Date "2013.03.29"]
[Round "5"]
[White "Moreno Ibanez, Miguel"]
[Black "Kovacevic, Slobodan"]
[Result "1/2-1/2"]
[WhiteElo "2084"]
[BlackElo "2331"]
[PlyCount "61"]
[EventDate "2013.03.27"]
[EventRounds "9"]
[EventCountry "ESP"]

1. e4 c5 2. Nf3 e6 3. d4 cxd4 4. Nxd4 a6 5. Bd3 Nf6 6. O-O d6 7. Qe2 Nbd7 8. c4
Qc7 9. Nc3 Be7 10. Kh1 O-O 11. f4 g6 12. Bd2 Re8 13. Rae1 e5 14. Nf3 Nc5 15.
Bb1 Bg4 16. Qf2 Be6 17. b3 exf4 18. Bxf4 Nh5 19. Bc1 Nd7 20. Nd5 Bxd5 21. exd5
Bf6 22. Ng5 Rxe1 23. Rxe1 Ne5 24. Ne4 Bg7 25. Ba3 Rd8 26. h3 f5 27. Ng5 Qa5 28.
Bc1 Bf6 29. Ne6 Re8 30. Bd2 Qa3 31. Bc1 1/2-1/2

[Event "40º Torneo Internacional de Ajedrez de "]
[Site "La Roda (Albacete) - ESPAÑA"]
[Date "2013.03.29"]
[Round "5"]
[White "Nicolas Zapata, Irene"]
[Black "Navarrete Espi, Samuel"]
[Result "0-1"]
[WhiteElo "2250"]
[BlackElo "2180"]
[PlyCount "40"]
[EventDate "2013.03.27"]
[EventRounds "9"]
[EventCountry "ESP"]

1. e4 e5 2. Nf3 Nc6 3. Bb5 Bc5 4. c3 Nf6 5. d4 Bb6 6. O-O O-O 7. Bg5 h6 8. Bh4
d6 9. Bxc6 bxc6 10. dxe5 dxe5 11. Qxd8 Rxd8 12. Nxe5 Ba6 13. Re1 g5 14. Bg3
Nxe4 15. Nxc6 Re8 16. Na3 f5 17. Ne5 Rxe5 18. Bxe5 Bxf2+ 19. Kh1 Bxe1 20. Rxe1
Re8 0-1

[Event "40º Torneo Internacional de Ajedrez de "]
[Site "La Roda (Albacete) - ESPAÑA"]
[Date "2013.03.30"]
[Round "6"]
[White "Starostits, Ilmars"]
[Black "Ramiro Ovejero, Juan Luis"]
[Result "1/2-1/2"]
[WhiteElo "2470"]
[BlackElo "2368"]
[PlyCount "36"]
[EventDate "2013.03.27"]
[EventRounds "9"]
[EventCountry "ESP"]

1. e4 c6 2. d4 d5 3. exd5 cxd5 4. c4 Nf6 5. Nc3 g6 6. Qb3 Bg7 7. cxd5 O-O 8.
Be2 Na6 9. Bxa6 bxa6 10. Nf3 Qd6 11. O-O Rb8 12. Qc4 Bb7 13. Bg5 Nxd5 14. Ne4
Qb4 15. Qe2 h6 16. Bc1 Bc6 17. Re1 Qb5 18. Qxb5 Rxb5 1/2-1/2

[Event "40º Torneo Internacional de Ajedrez de "]
[Site "La Roda (Albacete) - ESPAÑA"]
[Date "2013.03.30"]
[Round "6"]
[White "Sedlak, Nikola"]
[Black "Strikovic, Aleksa"]
[Result "1/2-1/2"]
[WhiteElo "2577"]
[BlackElo "2500"]
[PlyCount "48"]
[EventDate "2013.03.27"]
[EventRounds "9"]
[EventCountry "ESP"]

1. d4 Nf6 2. Bg5 g6 3. Bxf6 exf6 4. e3 f5 5. g3 Bg7 6. Bg2 d6 7. Ne2 Nd7 8. c4
O-O 9. Nbc3 Nf6 10. Qd3 Re8 11. b4 Qe7 12. O-O Ne4 13. b5 c6 14. a4 Be6 15.
bxc6 bxc6 16. Nxe4 fxe4 17. Qxe4 Bxc4 18. Qxe7 Rxe7 19. Bxc6 Rc8 20. Bb5 Bxe2
21. Bxe2 Bxd4 22. Rab1 Bb6 23. Rfd1 Rc2 24. Bd3 Ra2 1/2-1/2

[Event "40º Torneo Internacional de Ajedrez de "]
[Site "La Roda (Albacete) - ESPAÑA"]
[Date "2013.03.30"]
[Round "6"]
[White "Arribas Lopez, Angel"]
[Black "Burmakin, Vladimir"]
[Result "0-1"]
[WhiteElo "2478"]
[BlackElo "2577"]
[PlyCount "78"]
[EventDate "2013.03.27"]
[EventRounds "9"]
[EventCountry "ESP"]

1. c4 c6 2. Nf3 d5 3. e3 Nf6 4. Nc3 e6 5. b3 Bd6 6. Bb2 O-O 7. Qc2 a6 8. Be2 e5
9. d4 e4 10. Nd2 Qe7 11. c5 Bc7 12. Na4 Bg4 13. Qd1 Bxe2 14. Qxe2 Nbd7 15.
O-O-O Ne8 16. f4 exf3 17. gxf3 f5 18. Kb1 Nef6 19. Rde1 Rae8 20. Qd3 Nh5 21. a3
Qh4 22. Nc3 Re7 23. e4 Nf4 24. Qc2 fxe4 25. fxe4 Nf6 26. Ref1 Ng4 27. Bc1 Ne3
28. Nf3 Nxc2 29. Nxh4 Nxd4 30. Bxf4 Rxf4 31. Rxf4 Bxf4 32. exd5 Re3 33. Rd1 Be5
34. d6 Rxc3 35. d7 Ne6 36. Re1 Rxb3+ 37. Kc2 Nd4+ 38. Kd1 Rd3+ 39. Kc1 Bf6 0-1

[Event "40º Torneo Internacional de Ajedrez de "]
[Site "La Roda (Albacete) - ESPAÑA"]
[Date "2013.03.30"]
[Round "6"]
[White "Ibarra Jerez, Jose Carlos"]
[Black "Garza Marco, Sergio"]
[Result "1-0"]
[WhiteElo "2544"]
[BlackElo "2449"]
[PlyCount "181"]
[EventDate "2013.03.27"]
[EventRounds "9"]
[EventCountry "ESP"]

1. e4 e6 2. Nf3 d5 3. Nc3 Nf6 4. e5 Nfd7 5. d4 c5 6. dxc5 Nc6 7. Bf4 Bxc5 8.
Bd3 f6 9. exf6 Qxf6 10. Bg3 O-O 11. O-O a6 12. Qe2 Qh6 13. Rae1 Nf6 14. Na4 Ba7
15. Bd6 Rd8 16. Bc7 Re8 17. Ne5 Nxe5 18. Qxe5 Qh4 19. Nb6 Nd7 20. Qd6 Nxb6 21.
Bxb6 Bb8 22. Bc7 Bxc7 23. Qxc7 Qd8 24. Qe5 Bd7 25. Qh5 h6 26. c4 Rf8 27. Qg6
dxc4 28. Qh7+ Kf7 29. Re3 cxd3 30. Rf3+ Qf6 31. Qxd3 Bc6 32. Rxf6+ Kxf6 33. Re1
Kf7 34. h4 Bd5 35. b3 Kg8 36. Qe3 Rac8 37. Rc1 Rxc1+ 38. Qxc1 Rf7 39. f3 Kh7
40. Qc2+ Kg8 41. Kf2 Rf6 42. Ke3 Rf8 43. f4 h5 44. Qg6 Rf6 45. Qe8+ Rf8 46. Qg6
Rf6 47. Qc2 g6 48. g3 Bc6 49. Qc5 Rf7 50. Qd6 Bd5 51. Kd4 Kg7 52. Qd8 Rf8 53.
Qc7+ Rf7 54. Qe5+ Kh7 55. Kc5 Rf5 56. Qc7+ Kg8 57. Kd6 Rf7 58. Qd8+ Kg7 59. Qc8
Kh7 60. Qc3 Kg8 61. a4 Kh7 62. b4 Kg8 63. b5 axb5 64. axb5 Kh7 65. b6 Kg8 66.
Qc7 Kg7 67. Qc2 Kh6 68. Qc3 Kh7 69. Qe3 Kg8 70. Qe2 Kg7 71. Qe5+ Kg8 72. Qg5
Kh7 73. g4 hxg4 74. h5 gxh5 75. Qxh5+ Kg7 76. Qxg4+ Kh7 77. Qg5 Rf8 78. Qh5+
Kg7 79. Ke5 Rf7 80. Qg4+ Kh8 81. Qg6 Rf8 82. Kd6 Bc4 83. Qh5+ Kg7 84. Qg4+ Kh6
85. Qh3+ Kg6 86. Qg2+ Kh6 87. Qg5+ Kh7 88. Qh4+ Kg6 89. f5+ exf5 90. Qxc4 f4
91. Qe4+ 1-0

[Event "40º Torneo Internacional de Ajedrez de "]
[Site "La Roda (Albacete) - ESPAÑA"]
[Date "2013.03.30"]
[Round "6"]
[White "Suba, Mihai"]
[Black "Moskalenko, Viktor"]
[Result "1-0"]
[WhiteElo "2414"]
[BlackElo "2531"]
[PlyCount "20"]
[EventDate "2013.03.27"]
[EventRounds "9"]
[EventCountry "ESP"]

1. c4 e6 2. Nf3 d5 3. d4 c6 4. Nc3 f5 5. g3 Nf6 6. Bg2 Bd6 7. O-O Nbd7 8. b3
Qe7 9. Bb2 O-O 10. Ne5 a5 {...} 1-0

[Event "40º Torneo Internacional de Ajedrez de "]
[Site "La Roda (Albacete) - ESPAÑA"]
[Date "2013.03.30"]
[Round "6"]
[White "Cabrera, Alexis"]
[Black "Santos, Antonio P"]
[Result "1-0"]
[WhiteElo "2529"]
[BlackElo "2247"]
[PlyCount "85"]
[EventDate "2013.03.27"]
[EventRounds "9"]
[EventCountry "ESP"]

1. e4 c5 2. Nf3 d6 3. d4 cxd4 4. Nxd4 Nf6 5. Nc3 a6 6. Be3 e5 7. Nb3 Qc7 8. Qd2
Be6 9. f3 Nbd7 10. g4 b5 11. g5 b4 12. Ne2 Nh5 13. Ng3 Nxg3 14. hxg3 a5 15. f4
g6 16. Bg2 Rc8 17. O-O a4 18. Rac1 axb3 19. f5 bxa2 20. fxe6 fxe6 21. Bh3 Nc5
22. Qxb4 Be7 23. Qc4 Qc6 24. b4 Qxe4 25. Qc3 h6 26. gxh6 g5 27. bxc5 d5 28. Bg2
Qxe3+ 29. Qxe3 Bxc5 30. Qxc5 Rxc5 31. c4 e4 32. cxd5 Rxc1 33. Rxc1 exd5 34. Ra1
Rxh6 35. Rxa2 Rb6 36. Ra5 Rb1+ 37. Bf1 Rd1 38. Kf2 Ke7 39. Be2 Rd4 40. Ke3 Rb4
41. Rxd5 Rb3+ 42. Kf2 Kf6 43. g4 1-0

[Event "40º Torneo Internacional de Ajedrez de "]
[Site "La Roda (Albacete) - ESPAÑA"]
[Date "2013.03.30"]
[Round "6"]
[White "Khamrakulov, Ibragim S"]
[Black "Antoli Royo, Joaquin Miguel"]
[Result "1/2-1/2"]
[WhiteElo "2506"]
[BlackElo "2414"]
[PlyCount "69"]
[EventDate "2013.03.27"]
[EventRounds "9"]
[EventCountry "ESP"]

1. e4 c5 2. Nf3 Nc6 3. c3 d5 4. exd5 Qxd5 5. d4 Bf5 6. dxc5 Qxd1+ 7. Kxd1
O-O-O+ 8. Ke1 Nf6 9. Be3 Nd5 10. Nbd2 e5 11. Nc4 f6 12. Rd1 Be6 13. Be2 Kc7 14.
Nfd2 Nxe3 15. Nxe3 Bxc5 16. Bc4 Bxc4 17. Ndxc4 Ne7 18. Ke2 b5 19. Nd2 Bxe3 20.
fxe3 Kc6 21. a4 a6 22. axb5+ axb5 23. Ne4 Nd5 24. Rd2 Nb6 25. Rxd8 Rxd8 26. Ra1
f5 27. Nd2 Na4 28. c4 Rb8 29. b3 Nc5 30. Ra7 bxc4 31. Nxc4 Kd5 32. Rxg7 Nxb3
33. Na3 Nc5 34. Nc2 h5 35. Kd2 1/2-1/2

[Event "40º Torneo Internacional de Ajedrez de "]
[Site "La Roda (Albacete) - ESPAÑA"]
[Date "2013.03.30"]
[Round "6"]
[White "Lopez Martinez, Josep Manuel"]
[Black "Jimenez Martinez, Jose Vicente"]
[Result "1-0"]
[WhiteElo "2500"]
[BlackElo "2244"]
[PlyCount "43"]
[EventDate "2013.03.27"]
[EventRounds "9"]
[EventCountry "ESP"]

1. e4 d6 2. d4 g6 3. Nc3 Bg7 4. Be3 a6 5. f4 b5 6. Bd3 Bb7 7. Nf3 Nd7 8. Qe2 c5
9. dxc5 Nxc5 10. Bxc5 Bxc3+ 11. bxc3 dxc5 12. e5 Qa5 13. O-O Nh6 14. c4 b4 15.
Ng5 e6 16. Qe1 Kf8 17. Qh4 Kg7 18. Nxe6+ fxe6 19. Qf6+ Kg8 20. Qxe6+ Nf7 21. f5
g5 22. Qe7 1-0

[Event "40º Torneo Internacional de Ajedrez de "]
[Site "La Roda (Albacete) - ESPAÑA"]
[Date "2013.03.30"]
[Round "6"]
[White "Martins, David Pires Tavares"]
[Black "Ubilava, Elizbar"]
[Result "1/2-1/2"]
[WhiteElo "2183"]
[BlackElo "2495"]
[PlyCount "109"]
[EventDate "2013.03.27"]
[EventRounds "9"]
[EventCountry "ESP"]

1. e4 d6 2. d4 Nf6 3. Nc3 g6 4. Be3 Bg7 5. Qd2 c6 6. Nf3 O-O 7. Bh6 Bg4 8. Bxg7
Kxg7 9. Ng5 e5 10. h3 Bc8 11. O-O-O Qe7 12. dxe5 dxe5 13. Qd6 Qxd6 14. Rxd6 h6
15. Nf3 Re8 16. a4 a5 17. Bc4 Nbd7 18. g4 Nc5 19. Re1 Nh7 20. Red1 Ng5 21. Nxe5
Rxe5 22. f4 Be6 23. Bxe6 Rxe6 24. fxg5 hxg5 25. Rxe6 Nxe6 26. Kd2 Rh8 27. Rh1
Kf6 28. Ke3 Ke5 29. Ne2 Nc5 30. Nd4 Nxa4 31. Nf3+ Kf6 32. e5+ Ke7 33. Nxg5 Nxb2
34. Rf1 Rf8 35. Kd4 f6 36. exf6+ Rxf6 37. Rxf6 Kxf6 38. Ne4+ Ke7 39. Kc3 Na4+
40. Kb3 b5 41. c4 Nb6 42. cxb5 cxb5 43. h4 a4+ 44. Ka2 b4 45. h5 g5 46. h6 Kf8
47. Nxg5 b3+ 48. Ka1 a3 49. Ne6+ Kg8 50. Nd4 b2+ 51. Ka2 Nc4 52. Nb5 Kh7 53. g5
Kg6 54. Nc3 Nd2 55. Kxa3 1/2-1/2

[Event "40º Torneo Internacional de Ajedrez de "]
[Site "La Roda (Albacete) - ESPAÑA"]
[Date "2013.03.30"]
[Round "6"]
[White "Munoz Pantoja, Miguel"]
[Black "Tudela Corbalan, Carlos"]
[Result "1/2-1/2"]
[WhiteElo "2483"]
[BlackElo "2232"]
[PlyCount "92"]
[EventDate "2013.03.27"]
[EventRounds "9"]
[EventCountry "ESP"]

1. e4 d6 2. d4 Nd7 3. g3 Ngf6 4. Bg2 e5 5. Ne2 g6 6. c4 exd4 7. Nxd4 Bg7 8. Nc3
O-O 9. h3 Re8 10. O-O a6 11. Re1 Rb8 12. Bg5 h6 13. Be3 Ne5 14. b3 c5 15. Nc2
b5 16. cxb5 axb5 17. f4 Ned7 18. Qxd6 b4 19. e5 Rb6 20. Qd1 bxc3 21. exf6 Qxf6
22. Bf2 Rxe1+ 23. Qxe1 Re6 24. Ne3 Qe7 25. Rc1 Bd4 26. Rxc3 Nf6 27. Qc1 Ne4 28.
Bxe4 Rxe4 29. b4 Bb7 30. bxc5 Bc6 31. Rd3 Qe6 32. Kh2 Qxa2 33. Rd2 Qe6 34. f5
gxf5 35. Ng2 Be5 36. Qd1 Qg6 37. Rd8+ Kh7 38. Rd6 Bxd6 39. cxd6 Qe6 40. Nf4
Rxf4 41. gxf4 Qe4 42. Qg1 Qxf4+ 43. Bg3 Qd2+ 44. Qf2 Qd5 45. Bf4 Qd1 46. Qd2
Qxd2+ 1/2-1/2